| 000 | 00424nam a22001217a 4500 | ||
|---|---|---|---|
| 082 | _a220 PRO | ||
| 100 |
_aPC-Qursom Bibi PC-Tahrim Manaf NS-Suniya Shahid NS-Anam Yasir Kiani _971668 |
||
| 245 | _aPR-SOF-1654-OPHTHAHELP: Portable Ophthalmologist Assistant | ||
| 260 |
_aISLAMABAD _bNUST COLLEGE OF EME _c2017 |
||
| 650 | _aDE-COMP-35 | ||
| 700 |
_aSupervisors Dr. M. Usman Akram Dr. Sajid Gul Khawaja _971669 |
||
| 942 | _cCR | ||
| 999 |
_c578064 _d578064 |
||